000 00558 a2200169 4500
005 20250610123624.0
020 _a978-0-324-59331-0
082 _aLECT 658.3 BOH
100 _aBOHLANDER, G.
245 _aManaging human resources
250 _a15th Ed.
260 _aMason,
_bSouth-western Cengage learning,
_c2010.
300 _axxxvii, 821p.: ill.; chart, figure, picture, table.
_bGlossary & index.
_c26cm.
700 _aSNELL, S.
856 _yAccess online book
_fManaging human resources
_dwww.cengage.com/management/bohlander.
942 _2ddc
_cBKS
999 _c3606
_d3606